Organická chemie II

Bibliographic Details
Main Author: Lukeš, Rudolf (Author)
Format: Book
Language:Undetermined
Czech
PhysicalDescription:812 s. tab.
Published: Praha Nakladatelství Československé akademie věd 1962
Subjects:

MARC

LEADER 00000nam a2200000 a 4500
001 vtls001428833
003 SK-MaSNL
005 20260301072600.0
008 240318s1962 xx 0 und
035 |a SNK000383833 
040 |a SNK  |b slo  |c SNK  |e AACR2 
041 1 |a cze 
044 |a cs  |c CS 
080 |a 547  |2 1981 
100 1 |a Lukeš, Rudolf  |4 aut  |9 392281 
245 1 0 |a Organická chemie II  |c Rudolf Lukeš ; za spolupráce P. Vaculíka, J. Trojánka a S. Heřmánka 
260 |a Praha  |b Nakladatelství Československé akademie věd  |c 1962 
300 |a 812 s.  |b tab. 
504 |a Lit., reg. 
650 0 7 |a organická chémia  |2 SNK  |9 851 
999 |c 641439  |d 643369 
952 |t P60, <04>, [BOOK], {604}  |a SNK  |b SNK  |y VYP  |7 0  |p 17A0330231  |o snkIC 11245/2  |0 0  |1 0  |4 0  |d 2002-02-08  |l 0  |r 2005-01-02 00:00:00  |w 2026-02-23